000 00667nam a22002177a 4500
999 _c11869
_d11869
003 AR-CdUCM
008 190405b ||||| |||| 00| 0 spa d
040 _aMUNICIPALIDAD PROVINCIAL DEL CUSCO
_cBIBLIOTECA MUNICIPAL DEL CUSCO
082 _a869.56 /
_bP13 /1893
100 _aPacheco Zegarra, G.
_929448
245 _aA Toledo desde el Cuzco /
260 _aLima :
_bImpr. Baquíjano,
_c1893.
300 _a35 páginas ;
_c22 cm.
500 _aAl excmo Sr. D. Emilio Castelar.
505 _aContenido: Poesías.
650 _aLiteratura Peruana
_9132
650 _aSiglo XIX
_9971
650 _aPoesía
_9139
942 _2ddc
_cLIBROS
945 _aachl
_d2019-04-05